Gitarový multiefekt

Salvato in:
Dettagli Bibliografici
Autore principale: Záhradník, Peter (Autore)
Altri autori: Krajčovič, Tibor, 1960- (Relatore della tesi)
Natura: Manoscritto Libro
Lingua:slovacco
Pubblicazione: Bratislava : STU v Bratislave FEI, 2000
Soggetti:
Tags: Aggiungi Tag
Nessun Tag, puoi essere il primo ad aggiungerne!!

MARC

LEADER 00000ntm a22000003a 4500
001 stu56781
005 20160719164817.1
008 010209s2000------------------------slo-d
040 |a STU  |b slo 
041 0 |a slo 
100 1 |a Záhradník, Peter  |4 aut 
245 1 |a Gitarový multiefekt 
260 |a Bratislava :  |b STU v Bratislave FEI,  |c 2000 
300 |a 57 s  |c príl . 
650 7 |a informatika  |2 stusub 
700 1 |a Krajčovič, Tibor,  |d 1960-  |4 ths  |u E220  |U FEI Fakulta elektrotechniky a informatiky  |T FEI Katedra informatiky a výpočtovej techniky  |X 1869  |U E220  |Y 69  |7 1869 
996 |b EDIPL-6497  |c I*DIPL-6497  |l II680  |s A  |a 24  |w stu56781_0001